000 00624nam a2200241Ia 4500
003 OSt
005 20220924121727.0
006 a|||||r|||| 00| 0
007 ta
008 220923b |||||||| |||| 00| 0 urd d
020 _c45.00
024 _a314736
037 _cTextual
040 _aARTS
_cARTS
_burd
041 _2urd
_aurd
082 _aO168,1N318x, M4
100 _aRoshan Ali Ishrat
_9187074
245 0 _aSaleeb
260 _aKarachi
_bIshrat Pakistan
_c1984
650 _aURDU POETRY
942 _hO168,1N318x, M4
_cTEXL
_2CC
999 _c408788
_d408788